00365pab a2200133 454500008004000000100002100040245007000061260000900131300001300140362001100153650001300164700002000177773003400197180718b2011 xxu||||| |||| 00| 0 eng d aJagadeesha B. N. aSomasekhara Commission Report: Inconsistencies and contradictions c2011 ap.13-17. aFeb 26 aViolence aNarrain, Arvind aEconomic and Political Weekly